000 00562nam a2200157Ia 4500
008 170221s9999 xx 000 0 und d
100 _aMohammad Shahnoor Islam Khan
245 _aModeling of RF Recharging in a Wireless Sensor Network with Coordinated Node Sleep
245 _cMohammad Shahnoor Islam Khan, Jelena Mišić, and Vojislav B. Mišić
260 _bJournal of Communications
260 _c2012
300 _a2 :
650 _xCommunication
650 _xMedia Arts
856 _uhttp://www.jocm.us/index.php?m=content&c=index&a=lists&catid=151
999 _c308962
_d308962